Cool About It - boygenius (Lyrics) - Statistics

General Stats
  • This quiz has been taken 188 times
    185 since last reset
  • The average score is 178 of 210
Answer Stats
Answer % Correct
a
100%
about
100%
to
100%
I
99%
it
99%
an
98%
Ask
98%
ask
98%
you
98%
And
96%
and
96%
be
96%
cool
96%
like
96%
"No
96%
Met
95%
So
95%
at
94%
feel
94%
of
94%
some
94%
the
94%
trying
94%
your
94%
do
93%
with
93%
go
91%
I'm
91%
it's
91%
know
91%
can
90%
Feelin'
90%
pool
90%
school
90%
shoot
90%
true
90%
we
90%
work
90%
cowboys
89%
easy
89%
isn't
89%
neck
89%
questions
89%
fool
88%
fun
88%
act
86%
bar
86%
tattoos
86%
absolute
85%
have
85%
make
85%
dive
84%
acting
81%
method
81%
for
80%
But
79%
doing
79%
how
79%
now
79%
talk
79%
you're
79%
kind
78%
medication
78%
what
78%
Wishin'
78%
don't
76%
mind
76%
took
76%
can't
75%
cruel
75%
enough
75%
let
75%
lie
75%
read
75%
walk
75%
home
74%
I'll
74%
Once
74%
practice
74%
were
74%
regrets"
73%
say
73%
Tellin'
73%
my
71%
pretend
71%
probably
71%
that
70%
when
70%
absolution
69%
forget
69%
if
69%
Knowing
69%
only
69%
sweat
69%
bein'
68%
breaking
68%
good
68%
take
68%
doesn't
66%
Even
66%
head
66%
without
66%
you'd
66%
prepared
65%
see
65%
though
65%
drowning
64%
get
64%
out
64%
nice
63%
came
61%
would
60%
impossible
59%
test
59%
myself
58%
pass
58%
always
56%
kindly
55%
one
54%
day
53%
offence
51%
remember
49%
No matching quizzes found
Score Distribution
Percent of People with Each Score
Percentile by Number Answered
Your Score History
You have not taken this quiz since the last reset